| 000 | 01235aab a2200205 4500 | ||
|---|---|---|---|
| 001 | 768714001 | ||
| 003 | CO-MdFUSB | ||
| 005 | 20250304152829.0 | ||
| 008 | 170812s1988 cr ||||| |||| 00| 0 spa d | ||
| 040 |
_aCO-MdFUSB _bspa _cCO-MdFUSB _dCO-MdFUSB |
||
| 041 | _aspa | ||
| 100 | 1 |
_aLucado, Max _eautor |
|
| 245 | 1 | 0 |
_aTengo sed : _blo que la humanidad de Jesús significa para nosotros _c/ Lucado, Max |
| 300 |
_aVolumen 1. Número 5 (1988), páginas 102-103 _c: 28 cm. |
||
| 520 | _aEl texto "Tengo sed" de Max Lucado habla sobre la humanidad de Jesús y su significado para nosotros. En Juan 19:28, Jesús dice "Tengo sed" durante su crucifixión, recordándonos que experimentó limitaciones humanas como cansancio y emociones. Lucado menciona momentos en que Jesús mostró su humanidad, como al descansar junto al pozo o al dormir en medio de una tormenta. Estas experiencias nos enseñan que Él comprende nuestras luchas y frustraciones. Jesús no solo fue un Mesías divino, sino también una persona real que compartió nuestras experiencias. | ||
| 650 | 7 |
_aCristología _9239 |
|
| 773 | 0 |
_tConquista Cristiana _049446 _960347 _gVolumen 1. Número 5 (1988), páginas 102-103 _qPágina 102 |
|
| 942 | _cANA | ||
| 945 | _aJTF-925 | ||
| 999 |
_c50374 _d50374 |
||